Giáo trình tâm lí học du lịch

Uloženo v:
Podrobná bibliografie
Hlavní autor: Nguyễn, Hữu Thụ
Médium: Kniha
Vydáno: Hà Nội Đại học quốc gia 2009
Témata:
Tagy: Přidat tag
Žádné tagy, Buďte první, kdo otaguje tento záznam!
Thư viện lưu trữ: Trung tâm Học liệu Lê Vũ Hùng, Trường Đại học Đồng Tháp
LEADER 00968pam a22002898a 4500
001 00038988
005 20171026081025.0
008 170517s2009 ||||||Viesd
041 0 # |a Vie 
082 1 4 |a 338.4  |b GI108TR 
100 1 # |a Nguyễn, Hữu Thụ 
245 1 0 |a Giáo trình tâm lí học du lịch  |c Nguyễn Hữu Thụ 
260 # # |c 2009  |a Hà Nội  |b Đại học quốc gia 
300 # # |a 201tr.  |c 24cm 
500 # # |a ĐTTS ghi: Đại học quốc gia Hà Nội. Trường Đại học Khoa học xã hội và nhân văn 
653 # # |a Du khách 
653 # # |a Du lịch 
653 # # |a Giáo trình 
653 # # |a Tâm lý 
852 # # |b Kho mượn  |j KGT.0052642, KGT.0053561 
852 # # |b Kho đọc  |j KD.0020741 
852 # # |j KD.0020741  |j KGT.0052642  |j KGT.0053561 
910 |d 17/05/2017 
980 # # |a Trung tâm Học liệu Lê Vũ Hùng, Trường Đại học Đồng Tháp